000 01189cam a2200385Ia 4500
001 89117
005 20230411090047.0
008 980908s1997 ag b 000 0 spa d
035 _a(OCoLC)ocm39825701
040 _aDQ$
_cDQ$
_dPL#
_dOCL
_dOCLCQ
_dMCCPP
_dOCL
_dYDXCP
020 _a9505572271
020 _a9789505572274
035 _a(OCoLC)39825701
082 0 4 _a331.13/7944
_222
090 _aHD5775
_bF6718
049 _aGRAL
100 1 _aForrester, Viviane.
240 1 0 _aHorror economique
245 1 3 _aEl horror económico /
_cViviane Forrester ; tr. Daniel Zadunaisky.
260 _aBuenos Aires, Argentina
_bFCE,
_c1997.
300 _a166 p. ;
_c21 cm.
440 0 _aSección de Obras de Sociología.
500 _aTít. orig. : L'horreur économique.
504 _aIncludes bibliographical references (p. 159-166).
650 0 _aUnemployment
_zFrance.
650 0 _aMarginality, Social
_zFrance.
653 _aSocología.
653 _aDesempleo.
700 1 _aZadunaisky, Daniel,
_etr.
938 _aPuvill Libros
_bPUVL
_n9505572271
_c$9.32
938 _aYBP Library Services
_bYANK
_n2683579
942 _2lcc
_cbk
994 _aC0
_bDRFGD
946 _aweb
999 _c111778
_d111778